000 00481nmm a2200157Ia 4500
008 251105s9999||||xx |||||||||||||||||und||
020 _a9789562845199
041 _aspa
100 _aSieveking, Alejandro
245 0 _aAntología de obras teatrales de Alejandro Sieveking
264 _a[Santiago de Chile, Chile] :
_bRil editores,
_c2007
300 _a592 páginas
650 _aLatin American theater
856 _uhttps://public.digitaliapublishing.com/a/29691
942 _cCF
999 _c94383
_d94383